00685nam a2200229Ia 450000100060000000300090000600800410001504000130005604000130006904100130008210000180009510000290011324500250014224500840016725000110025126000120026226000180027426000490029230000550034165000280039665000310042479299IT-RoPAU130308s9999 xx 000 0 und d aIT-RoPAU cIT-RoPAU aITALIANO aGuerra Tonino gCodice Aut. SPICS: 5721 aFrammenti di memoria bFuoco (Il), L'Acqua, L'Ombra-Andrej Tarkovskij: Il Cinema Fra Poesia e Profezia a1a ed. aFIRENZE bLa Casa Usher c1989 [1° Ed.:1989 - Ed.Ling.Originale:1987] a"3 p. (prefazione: no ; testo: 3 [pagine: 63-65])" aAUTORI/OPERE DEL CINEMA eCodice materia Spics: 6807